The Alchemist: A Fable About Following Your Dream (Record no. 10982)
[ view plain ]
| 000 -LEADER | |
|---|---|
| fixed length control field | 00489nam a22001817a 4500 |
| 003 - CONTROL NUMBER IDENTIFIER | |
| control field | OSt |
| 008 - FIXED-LENGTH DATA ELEMENTS--GENERAL INFORMATION | |
| fixed length control field | 210814b ||||| |||| 00| 0 eng d |
| 020 ## - INTERNATIONAL STANDARD BOOK NUMBER | |
| International Standard Book Number | 9788172234980 |
| 082 ## - DEWEY DECIMAL CLASSIFICATION NUMBER | |
| Classification number | 080 |
| Item number | COA |
| 100 G# - MAIN ENTRY--PERSONAL NAME | |
| Personal name | COELHO, Panlo |
| 245 ## - TITLE STATEMENT | |
| Title | The Alchemist: A Fable About Following Your Dream |
| 250 ## - EDITION STATEMENT | |
| Edition statement | 97th Imp |
| 260 ## - PUBLICATION, DISTRIBUTION, ETC. (IMPRINT) | |
| Place of publication, distribution, etc | Noida, Uttar Pradesh |
| Name of publisher, distributor, etc | Harper Collins Pub. |
| Date of publication, distribution, etc | 2021 |
| 300 ## - PHYSICAL DESCRIPTION | |
| Extent | 161 |
| 650 ## - SUBJECT ADDED ENTRY--TOPICAL TERM | |
| Topical term or geographic name as entry element | Motivational |
| 700 ## - ADDED ENTRY--PERSONAL NAME | |
| Personal name | MAKKAR, Urvashi and DUTTA, Kirti |
| 942 ## - ADDED ENTRY ELEMENTS (KOHA) | |
| Source of classification or shelving scheme | Dewey Decimal Classification |
| Koha item type | Text Books |
| 942 ## - ADDED ENTRY ELEMENTS (KOHA) | |
| -- | 2 |
| Withdrawn status | Lost status | Source of classification or shelving scheme | Damaged status | Not for loan | Collection code | Home library | Current library | Date acquired | Source of acquisition | Currency | Cost, normal purchase price | Bill Number | Total Checkouts | Full call number | Acc. no. / Barcode | Date last seen | Date last borrowed | Actual Cost, discounted price | Bill Date | Koha item type | Public note | Checked out |
|---|---|---|---|---|---|---|---|---|---|---|---|---|---|---|---|---|---|---|---|---|---|---|
| Dewey Decimal Classification | GENERAL | PIET C-LIBRARY | PIET C-LIBRARY | 25/09/2021 | Prism Books and Stationery Shop | IN Rupees | 350.00 | GST-IN284 | 2 | 080 COA | 33257 | 06/02/2023 | 06/02/2023 | 280.00 | 25/09/2021 | Text Books | Motivational | |||||
| Dewey Decimal Classification | GENERAL | PIET C-LIBRARY | PIET C-LIBRARY | 18/06/2024 | Zafaa Books and Distributors | In rupees | 399.00 | ZBD0077 | 1 | 080 COA | 37675 | 12/07/2024 | 12/07/2024 | 299.25 | 18/06/2024 | Text Books | 28/01/2025 |